Philosophers by Concept - Statistics

General Stats
  • This quiz has been taken 67 times
  • The average score is 8 of 17
Answer Stats
Hint Answer % Correct
Übermensch Friedrich Nietzsche
94%
Categorical Imperative Immanuel Kant
84%
Realm of Forms and Ideas Plato
71%
Dialectical Materialism Karl Marx
61%
Rebellion against the Absurd Albert Camus
59%
Banality of Evil Hannah Arendt
55%
Cosmological Proof of God Thomas Aquinas
55%
Is-Ought-Distinction David Hume
51%
Rejection of the Will to Live Arthur Schopenhauer
47%
Paradigm Shifts in Science Thomas Kuhn
47%
Everything flows Heraclit
39%
Unmoved Mover Aristotle
37%
Master-Slave-Dialectics Georg Wilhelm Friedrich Hegel
37%
Power-Knowledge-Relationship Michel Foucault
33%
Hyperreal Simulacrum Jean Baudrillard
29%
Open Society Karl Popper
27%
I-Thou- vs. I-It-Relationship Martin Buber
16%
No matching quizzes found
Score Distribution
Percent of People with Each Score
Percentile by Number Answered
Your Score History
You have not taken this quiz